000 00560nam a2200181Ia 4500
008 100920s9999 xx 000 0 und d
082 _b79096
_a--- 0
100 _aजोशी शशिकांत.
245 _aउचलली जीभ नि.
260 _bयोगिता प्रकाशन.
_c0
300 _a100
_bपुट्ठा
365 _b95
520 _aकादंबरी.
630 _aउचलली जीभ नि.
650 _aकादंबरी.
730 _aउचलली जीभ नि.
942 _cBOOK
999 _c720198
_d720195